Motivational techniques applied by Jollibee food store in Highway, Binangonan, Rizal year 2021 (Record no. 58271)

MARC details
000 -LEADER
fixed length control field 00937nam a22002297a 4500
003 - CONTROL NUMBER IDENTIFIER
control field URS
005 - DATE AND TIME OF LATEST TRANSACTION
control field 20220627113035.0
008 - FIXED-LENGTH DATA ELEMENTS--GENERAL INFORMATION
fixed length control field 220627b ||||| |||| 00| 0 eng d
100 ## - MAIN ENTRY--PERSONAL NAME
9 (RLIN) 1843
Personal name Aragoza, Mary Ann O.
Relator term author
245 ## - TITLE STATEMENT
Title <a href="Motivational techniques applied by Jollibee food store in Highway, Binangonan, Rizal year 2021">Motivational techniques applied by Jollibee food store in Highway, Binangonan, Rizal year 2021</a>
Statement of responsibility, etc Mary Ann O. Aragoza, Pearly Jamaica C. Portugal, Ricardo N. Soriano
260 ## - PUBLICATION, DISTRIBUTION, ETC. (IMPRINT)
Date of publication, distribution, etc 2021
300 ## - PHYSICAL DESCRIPTION
Extent xi, 63 leaves
Dimensions 28 cm
336 ## - CONTENT TYPE
Source rdacontent
Content type term text
337 ## - MEDIA TYPE
Source rdamedia
Media type term unmediated
338 ## - CARRIER TYPE
Source rdacarrier
Carrier type term volume
502 ## - DISSERTATION NOTE
Dissertation note Thesis
Degree type Bachelor of Science in Business Administration Major in Human Resource Management
Name of granting institution University of Rizal System, Binangonan
Year degree granted 2021
504 ## - BIBLIOGRAPHY, ETC. NOTE
Bibliography, etc Includes bibliographical references.
700 ## - ADDED ENTRY--PERSONAL NAME
9 (RLIN) 1844
Personal name Portugal, Pearly Jamaica C.
Relator term author
700 ## - ADDED ENTRY--PERSONAL NAME
9 (RLIN) 1845
Personal name Soriano, Ricardo N.
Relator term author
700 ## - ADDED ENTRY--PERSONAL NAME
9 (RLIN) 1679
Personal name Albert Q. Clemente, MM
Relator term adviser
942 ## - ADDED ENTRY ELEMENTS (KOHA)
Source of classification or shelving scheme Library of Congress Classification
Koha item type Theses and dissertations
Holdings
Withdrawn status Source of classification or shelving scheme Damaged status Not for loan Home library Current library Date acquired Total Checkouts Barcode Date last seen Price effective from Koha item type
  Library of Congress Classification     Binangonan College Library Binangonan College Library 06/27/2022   URSBIN-UGT2237 06/27/2022 06/27/2022 Theses and dissertations

University of Rizal System
Email us at univlibservices@urs.edu.ph

Visit our Website www.urs.edu.ph/library